Desarrollo socieconómico de América Central en la segunda mitad del siglo XX / (Record no. 53896)

MARC details
000 -LEADER
campo de control de longitud fija 00896nam a2200241 i 4500
001 - NÚMERO DE CONTROL
campo de control 53896
003 - IDENTIFICADOR DE NÚMERO DE CONTROL
campo de control ES-MaACL
005 - FECHA Y HORA DE LA ÚLTIMA TRANSACCIÓN
campo de control 20230906162841.0
007 - CAMPO FIJO DE DESCRIPCIÓN FÍSICA--INFORMACIÓN GENERAL
campo de control de longitud fija t|
008 - DATOS DE LONGITUD FIJA--INFORMACIÓN GENERAL
campo de control de longitud fija 031117s2000 mx ||||1| spa d
020 ## - NÚMERO INTERNACIONAL ESTÁNDAR DEL LIBRO
Número Internacional Estándar del Libro 968-835-342-6
080 ## - NÚMERO DE LA CLASIFICACIÓN DECIMAL UNIVERSAL
Número de la Clasificación Decimal Universal 338.1 (728)
080 ## - NÚMERO DE LA CLASIFICACIÓN DECIMAL UNIVERSAL
Número de la Clasificación Decimal Universal 308(728)
100 1# - ENTRADA PRINCIPAL--NOMBRE DE PERSONA
Nombre de persona Lizcano, Francisco.
9 (RLIN) 72622
245 10 - MENCIÓN DEL TÍTULO
Título Desarrollo socieconómico de América Central en la segunda mitad del siglo XX /
Mención de responsabilidad, etc. Francisco Lizcano Fernández.
260 ## - PUBLICACIÓN, DISTRIBUCIÓN, ETC.
Lugar de publicación, distribución, etc. Toluca (México) :
Nombre del editor, distribuidor, etc. Universidad Autónoma del Estado de México ;
Lugar de publicación, distribución, etc. Madrid :
Nombre del editor, distribuidor, etc. Asociación de Investigación y Especialización sobre Temas Iberoamericanos,
Fecha de publicación, distribución, etc. 2000.
300 ## - DESCRIPCIÓN FÍSICA
Extensión 364 p. ;
Dimensiones 23 cm.
490 1# - MENCIÓN DE SERIE
Mención de serie Colección: Historia ;
Designación de volumen o secuencia 21
651 ## - PUNTO DE ACCESO ADICIONAL DE MATERIA--NOMBRE GEOGRÁFICO
Nombre geográfico América central-
Subdivisión general Situación económica.
9 (RLIN) 170871
830 0# - PUNTO DE ACCESO ADICIONAL DE SERIE-TÍTULO UNIFORME
Título uniforme Colección: Historia ;
Designación de volumen o secuencia 21
9 (RLIN) 179966
852 ## - LOCALIZACIÓN
Ubicación ES-MaACL
Número de control de estantería L-26606
Sublocalización o colección R.132232
Holdings
Estatus retirado Estado de pérdida Estado de daño No para préstamo Biblioteca de origen Biblioteca actual Ubicación en estantería Fecha de adquisición Fuente de adquisición Total de préstamos Signatura topográfica completa Código de barras Visto por última vez Precio de reemplazo Tipo de ítem Koha
        Biblioteca del Ateneo de Madrid Biblioteca del Ateneo de Madrid Depósito 2 17/01/2008     L-26606 1056639 23/02/2023 23/02/2023 Libro impreso